University as the facilitator for society and region development preceedings : 7th international conference : Hodonín, 21st January 2011

Guardado en:
Detalles Bibliográficos
Autor Corporativo: University as the facilitator for society and region development. International conference
Formato: Libro
Lenguaje:inglés
ruso
Publicado: Kunovice European Polytechnical Institute 2011
Materias:
Etiquetas: Agregar Etiqueta
Sin Etiquetas, Sea el primero en etiquetar este registro!

MARC

LEADER 00000nam a2200000 4500
001 0143028
005 20221207094920.0
020 |a 978-80-7314-220-9 
041 0 |a eng 
041 0 |a rus 
044 |a CZ 
245 1 0 |a University as the facilitator for society and region development  |b preceedings : 7th international conference : Hodonín, 21st January 2011 
264 1 |a Kunovice  |b European Polytechnical Institute  |c 2011 
300 |a 229 s. 
610 2 0 |a riadenie regionálne 
610 2 0 |a univerzity 
610 2 0 |a vzdelanie vysokoškolské 
110 2 |a University as the facilitator for society and region development. International conference